[Event "Riga Tech Open A 2014"]
[Site "Riga LAT"]
[Date "2014.08.17"]
[Round "2.4"]
[White "Kovalenko, Igor"]
[Black "Ladva, Ottomar"]
[Result "1-0"]
[WhiteTitle "GM"]
[BlackTitle "FM"]
[WhiteElo "2650"]
[BlackElo "2387"]
[WhiteFideId "14117908"]
[BlackFideId "4500024"]
[EventDate "2014.08.16"]

1. d4 Nf6 2. c4 e6 3. Nc3 Bb4 4. Nf3 d5 5. cxd5 exd5 6. Bg5 Qd6 7. Nd2 Bf5 8. e3
Nbd7 9. a3 Bxc3 10. bxc3 c5 11. Be2 O-O 12. O-O Ne4 13. Nxe4 Bxe4 14. Bf4 Qg6
15. f3 Bc2 16. Qd2 Bf5 17. g4 c4 18. Kf2 Bc2 19. h4 Bb3 20. h5 Qe6 21. Rg1 b5
22. Bf1 a5 23. Bh3 f6 24. Rge1 Qc6 25. Rac1 g5 26. hxg6 hxg6 27. Bg2 Qb6 28. e4
Ne5 29. Bf1 dxe4 30. Rxe4 Nd3+ 31. Bxd3 cxd3 32. Qxd3 Bc4 33. Qe3 Qc6 34. Re1
Bf7 35. Qd3 Qc4 36. Qxc4 Bxc4 37. Bd6 Rf7 38. g5 fxg5 39. Re8+ Rxe8 40. Rxe8+
Kh7 41. Be5 Kh6 42. Kg3 Be2 43. Rh8+ Rh7 44. Rf8 Bc4 45. Rd8 Re7 46. Kh3 Be6+
47. Kg2 Bc4 48. Kg3 a4 49. Kh3 Be6+ 50. Kg2 Bb3 51. Kf2 Ba2 52. Bf6 Rf7 53. Rh8+
Rh7 54. Bxg5+ Kg7 55. Bf6+ Kh6 56. Rd8 Rf7 57. Rd6 g5 58. Ke3 Kg6 59. Be5+ Kf5
60. Rc6 Bc4 61. Rc5 Re7 62. Kf2 Rd7 63. Kg3 Kg6 64. Rc6+ Kh5 65. f4 gxf4+ 66.
Kxf4 Bd3 67. Bf6 Bc4 68. Kf5 Rd5+ 69. Be5 Rd8 70. Rc7 Bd3+ 71. Ke6 Kg4 72. d5
Bf5+ 73. Kf6 Rxd5 74. Rg7+ Kf3 75. Kxf5 Rd1 76. Rg3+ Kf2 77. Kf4 Ra1 78. Bd6 Ke2
79. Bb4 1-0

[Event "Riga Tech Open A 2014"]
[Site "Riga LAT"]
[Date "2014.08.17"]
[Round "2.5"]
[White "Bruehl, Andreas"]
[Black "Fridman, Daniel"]
[Result "0-1"]
[WhiteTitle "FM"]
[BlackTitle "GM"]
[WhiteElo "2374"]
[BlackElo "2639"]
[WhiteFideId "4630440"]
[BlackFideId "11600454"]
[EventDate "2014.08.16"]

1. d4 Nf6 2. c4 e6 3. Nf3 Bb4+ 4. Nbd2 O-O 5. a3 Be7 6. e4 d5 7. e5 Nfd7 8. cxd5
exd5 9. Bd3 c5 10. O-O Nc6 11. Re1 Qb6 12. b4 cxb4 13. Nf1 Re8 14. Ne3 Qa5 15.
Bd2 Nf8 16. axb4 Qd8 17. Qb3 Be6 18. b5 Nb8 19. Ba5 Qd7 20. Rec1 Bd8 21. Qc2 Qe7
22. Bc7 a5 23. Bd6 Qd7 24. Qc5 b6 25. Qc2 Be7 26. Nf5 Bxf5 27. Bxf5 Qxb5 28.
Rab1 Qa6 29. Bd3 Qb7 30. Bb5 Rd8 31. Qc7 Qxc7 32. Bxc7 Rc8 33. Bxb6 Rxc1+ 34.
Rxc1 Nbd7 35. Bc5 Rc8 36. Bxd7 Nxd7 37. Ne1 Nxe5 38. f4 Nd7 39. Nd3 Bf6 40. Rb1
Rb8 41. Rxb8+ Nxb8 42. Kf2 Nc6 43. Ke3 g5 44. fxg5 Bxg5+ 45. Ke2 Kg7 46. g3 f5
47. Nb2 Kf7 48. Na4 Ke6 49. Nc3 Be7 50. Bb6 Bb4 51. Na4 Nb8 52. Bc7 Nd7 53. Nb2
Nf6 54. Nd3 Kd7 55. Bb6 Kc6 56. Bd8 Ne4 57. Nf4 a4 58. Kd3 Bd2 59. Ng2 Kb5 60.
Nh4 a3 61. Kc2 Ka4 62. Be7 a2 63. Kb2 Nc3 0-1

[Event "Riga Tech Open A 2014"]
[Site "Riga LAT"]
[Date "2014.08.17"]
[Round "2.6"]
[White "Goganov, Aleksey"]
[Black "Carstensen, Jacob"]
[Result "1-0"]
[WhiteTitle "GM"]
[BlackTitle "FM"]
[WhiteElo "2604"]
[BlackElo "2369"]
[WhiteFideId "24109959"]
[BlackFideId "1404180"]
[EventDate "2014.08.16"]

1. Nf3 Nf6 2. g3 d5 3. Bg2 g6 4. c4 c6 5. b3 Bg7 6. Bb2 O-O 7. O-O Bg4 8. d3
Nbd7 9. Nbd2 Re8 10. d4 a5 11. Ne5 Be6 12. Rc1 Nxe5 13. dxe5 Ng4 14. cxd5 Bxd5
15. e4 Be6 16. Nf3 Qc7 17. Qd4 f6 18. exf6 exf6 19. Qc5 a4 20. h3 Ne5 21. Bxe5
fxe5 22. Ng5 Qe7 23. Qxe7 Rxe7 24. Nxe6 Rxe6 25. Rfd1 Bf8 26. Bf1 Rd6 27. Bc4+
Kg7 28. Rxd6 Bxd6 29. Rd1 Rd8 30. bxa4 b6 31. a5 bxa5 32. Bb3 Bc7 33. Rc1 Rd6
34. Rc2 Bb6 35. Ba4 c5 36. Bb3 Rd4 37. Bd5 h5 38. h4 Kf6 39. Rc3 Kg7 40. Kg2 c4
41. Rf3 Rd2 42. Rf7+ Kh6 43. Bxc4 Bd4 44. Bd5 Rb2 45. a4 Rc2 46. Bb3 Rb2 47. Bc4
Bc5 48. Bb5 Bd4 49. Be8 Bc5 50. Bc6 Rb8 51. Rc7 Rb2 52. Rf7 Rb8 53. f3 Rb2+ 54.
Kh3 Rf2 55. Bd5 Bd4 56. Be6 Be3 57. Bd7 Rd2 58. Be8 g5 59. Rf6+ Kg7 60. hxg5 Bg1
61. Bxh5 1-0

[Event "Riga Tech Open A 2014"]
[Site "Riga LAT"]
[Date "2014.08.17"]
[Round "2.7"]
[White "Ekdyshman, Mikhail"]
[Black "Savchenko, Boris"]
[Result "1/2-1/2"]
[WhiteTitle "IM"]
[BlackTitle "GM"]
[WhiteElo "2371"]
[BlackElo "2596"]
[WhiteFideId "4149416"]
[BlackFideId "4147332"]
[EventDate "2014.08.16"]

1. d4 d5 2. Nf3 c5 3. e3 cxd4 4. exd4 Nc6 5. c4 Nf6 6. Nc3 Be6 7. c5 Bg4 8. Bb5
Rc8 9. h3 Bxf3 10. Qxf3 g6 11. O-O Bg7 12. Bf4 O-O 13. Rfd1 e6 14. Rab1 Nd7 15.
Ne2 Qa5 16. a4 a6 17. b4 Qd8 18. Bxc6 bxc6 19. Bd6 Re8 20. Qd3 Ra8 21. b5 cxb5
22. axb5 axb5 23. Qxb5 Rc8 24. Qa4 Ra8 25. Qb5 Rc8 26. Qa4 1/2-1/2

[Event "Riga Tech Open A 2014"]
[Site "Riga LAT"]
[Date "2014.08.17"]
[Round "2.8"]
[White "Aleksandrov, Aleksej"]
[Black "Jolly, Jean-Francois"]
[Result "1-0"]
[WhiteTitle "GM"]
[BlackTitle "IM"]
[WhiteElo "2595"]
[BlackElo "2367"]
[WhiteFideId "13500139"]
[BlackFideId "634751"]
[EventDate "2014.08.16"]

1. d4 d5 2. c4 c6 3. Nf3 Nf6 4. e3 e6 5. Bd3 Nbd7 6. O-O dxc4 7. Bxc4 b5 8. Bd3
Bb7 9. e4 a6 10. a4 b4 11. Re1 Be7 12. Bg5 h6 13. Bh4 c5 14. e5 Nd5 15. Bxe7
Nxe7 16. Nbd2 cxd4 17. Rc1 O-O 18. Rc4 Bd5 19. Rxd4 Nc6 20. Rg4 Nc5 21. Bb1 Bxf3
22. gxf3 b3 23. Qc1 Nd3 24. Bxd3 Qxd3 25. Ne4 Nxe5 26. Nf6+ Kh8 27. Rxe5 Qxf3
28. Rf4 Rac8 29. Qb1 1-0

[Event "Riga Tech Open A 2014"]
[Site "Riga LAT"]
[Date "2014.08.17"]
[Round "2.9"]
[White "Bok, Benjamin"]
[Black "Aharon, Ofir"]
[Result "1-0"]
[WhiteTitle "GM"]
[BlackTitle "FM"]
[WhiteElo "2587"]
[BlackElo "2361"]
[WhiteFideId "1017063"]
[BlackFideId "2800683"]
[EventDate "2014.08.16"]

1. e4 c5 2. Nf3 d6 3. Bb5+ Bd7 4. Bxd7+ Qxd7 5. c4 Nc6 6. Nc3 Nf6 7. d4 cxd4 8.
Nxd4 Qg4 9. O-O Qxd1 10. Rxd1 Nxd4 11. Rxd4 g6 12. Nb5 Rc8 13. Nxa7 Rc5 14. b4
Rc7 15. Nb5 Rc6 16. Bd2 Bg7 17. Rc1 e5 18. Rd3 Nxe4 19. Be3 Ke7 20. Rcd1 f5 21.
f3 f4 22. Ba7 Nf6 23. Nxd6 Ra8 24. b5 Rc7 25. Bb6 Rd7 26. c5 e4 27. fxe4 1-0

[Event "Riga Tech Open A 2014"]
[Site "Riga LAT"]
[Date "2014.08.17"]
[Round "2.10"]
[White "Tabernig, Bernhard"]
[Black "Naroditsky, Daniel"]
[Result "0-1"]
[WhiteTitle "FM"]
[BlackTitle "GM"]
[WhiteElo "2369"]
[BlackElo "2587"]
[WhiteFideId "1600680"]
[BlackFideId "2026961"]
[EventDate "2014.08.16"]

1. d4 Nf6 2. c4 g6 3. Nc3 Bg7 4. e4 d6 5. Nf3 O-O 6. Be2 c5 7. d5 e6 8. Bg5 exd5
9. cxd5 h6 10. Bh4 g5 11. Bg3 Nh5 12. Nd2 Nxg3 13. hxg3 f5 14. Qc2 Na6 15. a3
Nc7 16. Bd3 Qe7 17. O-O-O b5 18. exf5 c4 19. Be4 a5 20. Rhe1 Qf6 21. g4 b4 22.
Ncb1 Nb5 23. Nxc4 Bd7 24. Rd2 Rfc8 25. Bd3 Nd4 26. Qd1 a4 0-1

[Event "Riga Tech Open A 2014"]
[Site "Riga LAT"]
[Date "2014.08.17"]
[Round "2.11"]
[White "Banusz, Tamas"]
[Black "Akkozov, Berik"]
[Result "1/2-1/2"]
[WhiteTitle "GM"]
[BlackTitle "IM"]
[WhiteElo "2585"]
[BlackElo "2358"]
[WhiteFideId "722413"]
[BlackFideId "13704214"]
[EventDate "2014.08.16"]

1. c4 e6 2. g3 d5 3. Bg2 Nf6 4. d4 c6 5. Nf3 Bb4+ 6. Bd2 Be7 7. O-O O-O 8. Qc2
Nbd7 9. b3 b6 10. Rd1 Bb7 11. Nc3 Rc8 12. e4 Nxe4 13. Nxe4 dxe4 14. Qxe4 Nf6 15.
Qe2 c5 16. Bf4 Qe8 17. d5 exd5 18. Re1 Ne4 19. cxd5 Bf6 20. Rad1 Nc3 21. Qd3 Qd7
22. Rd2 Qxd5 23. Qc2 Qh5 24. Ne5 Bxg2 25. Kxg2 Nb5 26. g4 Qh4 27. Bg3 Qh6 28.
Rd5 Nd4 29. Qd3 Bxe5 30. Rexe5 Qc6 31. Qe4 Nb5 32. Qf3 Nc7 33. Rd2 Qxf3+ 34.
Kxf3 Rfd8 35. Rxd8+ Rxd8 36. Re7 Nb5 37. Ke3 Kf8 38. Rb7 Re8+ 39. Kd3 Rd8+ 40.
Ke3 Re8+ 41. Kd3 Rd8+ 42. Ke4 1/2-1/2

[Event "Riga Tech Open A 2014"]
[Site "Riga LAT"]
[Date "2014.08.17"]
[Round "2.12"]
[White "Kobo, Ori"]
[Black "Rausis, Igors"]
[Result "0-1"]
[WhiteTitle "FM"]
[BlackTitle "GM"]
[WhiteElo "2365"]
[BlackElo "2578"]
[WhiteFideId "2812320"]
[BlackFideId "11600098"]
[EventDate "2014.08.16"]

1. d4 Nf6 2. c4 g6 3. Nc3 Bg7 4. Nf3 O-O 5. g3 c5 6. d5 d6 7. Bg2 e6 8. O-O exd5
9. cxd5 Re8 10. Bf4 Ne4 11. Nxe4 Rxe4 12. Nd2 Rxf4 13. gxf4 Bxb2 14. Rb1 Bg7 15.
e4 Nd7 16. Qf3 b5 17. Rfe1 a6 18. e5 dxe5 19. d6 Rb8 20. Qc6 Bb7 21. Qc7 Bxg2
22. Qxd8+ Rxd8 23. Kxg2 Bh6 24. a4 Bxf4 25. Red1 Bxd2 26. Rxd2 b4 27. f4 e4 28.
f5 Ne5 29. Rd5 Nd3 30. Rf1 b3 31. d7 gxf5 0-1

[Event "Riga Tech Open A 2014"]
[Site "Riga LAT"]
[Date "2014.08.17"]
[Round "2.13"]
[White "Golod, Vitali"]
[Black "Payen, Arnaud"]
[Result "1-0"]
[WhiteTitle "GM"]
[BlackTitle "IM"]
[WhiteElo "2574"]
[BlackElo "2350"]
[WhiteFideId "2804140"]
[BlackFideId "600814"]
[EventDate "2014.08.16"]

1. d4 d5 2. c4 e6 3. Nf3 Nf6 4. Nc3 Be7 5. Bf4 O-O 6. e3 c5 7. dxc5 Bxc5 8. cxd5
Nxd5 9. Nxd5 exd5 10. a3 Nc6 11. Bd3 Be7 12. O-O Be6 13. b4 Bf6 14. Rc1 a6 15.
Qc2 h6 16. Rfd1 Qe7 17. Qe2 Rfd8 18. Bb1 g5 19. Bg3 Bg4 20. h3 Bh5 21. Bh2 d4
22. g4 Bg6 23. Bxg6 fxg6 24. Qc4+ Qf7 25. Qxf7+ Kxf7 26. exd4 Nxd4 27. Nxd4 Bxd4
28. Rc7+ Kg8 29. Kg2 b5 30. Rc6 Kf7 31. Bc7 Rd5 32. Bb6 Rb8 33. Bxd4 Rbd8 34.
Rf6+ 1-0

[Event "Riga Tech Open A 2014"]
[Site "Riga LAT"]
[Date "2014.08.17"]
[Round "2.14"]
[White "Stremavicius, Titas"]
[Black "Yemelin, Vasily"]
[Result "1/2-1/2"]
[BlackTitle "GM"]
[WhiteElo "2359"]
[BlackElo "2573"]
[WhiteFideId "12804444"]
[BlackFideId "4113217"]
[EventDate "2014.08.16"]

1. d4 Nf6 2. c4 e6 3. Nc3 Bb4 4. Qc2 d6 5. Bd2 Qe7 6. a3 Bxc3 7. Bxc3 e5 8. e3
exd4 9. Bxd4 Nc6 10. Nf3 Nxd4 11. Nxd4 O-O 12. Be2 c5 13. Nf3 b6 14. O-O Bb7 15.
Nd2 d5 16. Bf3 Rfd8 17. cxd5 Bxd5 18. Rad1 g6 19. Bxd5 Rxd5 20. Ne4 Rad8 21. Nc3
Rxd1 22. Rxd1 Kg7 23. h3 h5 24. Rd2 Rxd2 25. Qxd2 Ne4 26. Nxe4 Qxe4 27. Qc3+ Kg8
28. f3 Qd5 29. Kf2 h4 30. f4 Qd1 31. Qe5 Qd2+ 32. Kf1 Qd1+ 33. Kf2 Qd2+ 34. Kf1
Qd1+ 1/2-1/2

[Event "Riga Tech Open A 2014"]
[Site "Riga LAT"]
[Date "2014.08.17"]
[Round "2.15"]
[White "Lamorelle, Julien"]
[Black "Neiksans, Arturs"]
[Result "0-1"]
[WhiteTitle "FM"]
[BlackTitle "GM"]
[WhiteElo "2352"]
[BlackElo "2572"]
[WhiteFideId "616010"]
[BlackFideId "11601388"]
[EventDate "2014.08.16"]

1. e4 c5 2. Nf3 e6 3. d4 cxd4 4. Nxd4 a6 5. Bd3 Bc5 6. Nb3 Be7 7. c4 d6 8. O-O
Nf6 9. Nc3 Nbd7 10. f4 Qc7 11. Qe2 b6 12. Bd2 Bb7 13. Rae1 O-O 14. e5 Ne8 15.
Kh1 g6 16. Nd4 dxe5 17. fxe5 Bh4 18. Rd1 Qxe5 19. Nf3 Qxe2 20. Bxe2 Bxf3 21.
Bxf3 Rd8 22. Be3 Ng7 23. Bc6 Ne5 24. Bb7 Nxc4 25. Bc1 Nf5 26. g3 Be7 27. Bxa6
Nce3 28. Rxd8 Rxd8 29. Re1 Ng4 30. Bf4 e5 31. Bc1 Bc5 32. Kg2 Bd4 33. h3 Nge3+
34. Bxe3 Nxe3+ 35. Kf3 Nc2 36. Re2 Nb4 37. Bc4 Rc8 38. Bb3 Bxc3 39. bxc3 Rxc3+
40. Ke4 Kg7 41. g4 Nd3 42. Rc2 Nc5+ 43. Kxe5 Rxh3 44. Bd5 Nd3+ 45. Kd6 Nb4 46.
Rb2 Nxd5 47. Kxd5 Rg3 48. Rb4 Ra3 49. Rb2 Ra4 50. g5 Ra5+ 51. Kc6 Rxg5 52. Kxb6
Rg4 53. Kb5 Rg3 54. a4 Ra3 55. a5 h5 56. Rb4 g5 57. a6 g4 58. Ra4 Rxa4 59. Kxa4
g3 60. a7 g2 61. a8=Q g1=Q 62. Qd5 Qg4+ 63. Kb5 h4 64. Qe5+ Kh7 65. Qf6 Qh5+ 66.
Kb4 h3 67. Qf4 h2 68. Qe4+ Kg7 69. Qd4+ f6 70. Qd7+ Qf7 71. Qg4+ Kf8 72. Qf3
Qe7+ 73. Kb3 Qe5 74. Ka2 f5 75. Qa8+ Kf7 76. Qf3 Kf6 77. Qg2 Qa5+ 78. Kb3 Qb6+
79. Ka2 Qa7+ 80. Kb3 Qg1 81. Qb2+ Kg6 0-1

[Event "Riga Tech Open A 2014"]
[Site "Riga LAT"]
[Date "2014.08.17"]
[Round "2.16"]
[White "Kulaots, Kaido"]
[Black "Nanjo, Ryosuke"]
[Result "1-0"]
[WhiteTitle "GM"]
[BlackTitle "CM"]
[WhiteElo "2567"]
[BlackElo "2344"]
[WhiteFideId "4500261"]
[BlackFideId "7000634"]
[EventDate "2014.08.16"]

1. e4 c5 2. Nf3 d6 3. d4 cxd4 4. Nxd4 Nf6 5. Nc3 a6 6. a4 g6 7. Be2 Bg7 8. O-O
O-O 9. Be3 Nc6 10. Qd2 Ng4 11. Bxg4 Bxg4 12. f3 Bd7 13. Rfd1 Rc8 14. Qf2 Ne5 15.
Ra2 e6 16. Nde2 b5 17. axb5 axb5 18. Bb6 Qe8 19. Ba5 f5 20. exf5 Rxf5 21. Nd4
Rf4 22. Ne4 d5 23. Nd6 Ng4 24. Qe1 Qf8 25. Nxc8 Bxd4+ 26. Rxd4 Rxd4 27. Bb6 Rc4
28. fxg4 Bxc8 29. c3 Rxg4 30. Ra8 Re4 31. Qg3 e5 32. h3 Qf5 33. Kh2 Rc4 34. Ra7
Qf4 35. Qxf4 Rxf4 36. Re7 e4 37. Bc5 Rf8 38. Re5 Rd8 39. Bb6 Rd6 40. Bc5 Rc6 41.
Rxd5 Be6 42. Rd8+ Kf7 43. Bd4 h5 44. Kg3 Bc4 45. h4 Ra6 46. Rd7+ Ke6 47. Rg7 Kf5
48. Re7 Be6 49. Rb7 e3 50. Rxb5+ Ke4 51. Re5+ Kd3 52. Rxe3+ Kc4 53. Kf4 Bf5 54.
Re5 Bd3 55. b4 Rf6+ 56. Ke3 Rf5 57. Re6 Kd5 58. Rxg6 Re5+ 59. Kxd3 1-0

[Event "Riga Tech Open A 2014"]
[Site "Riga LAT"]
[Date "2014.08.17"]
[Round "2.17"]
[White "Wallis, Christopher"]
[Black "Fedorov, Alexei"]
[Result "1-0"]
[WhiteTitle "FM"]
[BlackTitle "GM"]
[WhiteElo "2348"]
[BlackElo "2562"]
[WhiteFideId "3204839"]
[BlackFideId "13500465"]
[EventDate "2014.08.16"]

1. d4 Nf6 2. c4 g6 3. Nc3 Bg7 4. e4 d6 5. f3 O-O 6. Be3 e5 7. Nge2 c6 8. Qd2
Nbd7 9. d5 cxd5 10. cxd5 a5 11. g4 h5 12. g5 Ne8 13. Nc1 Nc5 14. Nb3 b6 15. Rg1
Nc7 16. Qc2 Bd7 17. Nd2 Qe7 18. Nc4 Rfb8 19. Rd1 a4 20. a3 N7a6 21. Qf2 b5 22.
Na5 Qe8 23. Nc6 Bxc6 24. dxc6 Qxc6 25. Qd2 Bf8 26. Nd5 Nc7 27. Nf6+ Kh8 28. Bh3
N7e6 29. Qf2 Bg7 30. Qh4 Bxf6 31. gxf6 Rg8 32. Rg5 Nf8 33. Bf5 Nh7 34. Rxh5 gxh5
35. Bxh7 1-0

[Event "Riga Tech Open A 2014"]
[Site "Riga LAT"]
[Date "2014.08.17"]
[Round "2.18"]
[White "Oparin, Grigoriy"]
[Black "Nasuta, Grzegorz"]
[Result "1/2-1/2"]
[WhiteTitle "GM"]
[BlackTitle "FM"]
[WhiteElo "2546"]
[BlackElo "2339"]
[WhiteFideId "24125890"]
[BlackFideId "1141686"]
[EventDate "2014.08.16"]

1. e4 c5 2. Nf3 d6 3. d4 cxd4 4. Nxd4 Nf6 5. Nc3 a6 6. g3 e6 7. Bg2 Be7 8. O-O
O-O 9. Be3 Qc7 10. g4 Nc6 11. g5 Nd7 12. f4 Nb6 13. b3 Nxd4 14. Qxd4 e5 15. Qd2
exf4 16. Bxf4 Be6 17. Ne2 Nd7 18. Nd4 Ne5 19. c4 b5 20. cxb5 axb5 21. Nxe6 fxe6
22. Bh3 Kh8 23. Bxe6 Rae8 24. Bd5 Qd7 25. Qe2 Ng6 26. Bd2 Qh3 27. Bf7 Rc8 28.
Bxg6 hxg6 29. Be3 Rc3 30. Rxf8+ Bxf8 31. Bf4 Be7 32. Rf1 Qh4 33. Qg2 Rc5 34. Kh1
b4 35. Qg3 Qh5 36. Qf3 Qh4 37. Qg2 Kh7 38. Bd2 Rc2 39. Rf3 Kg8 40. Rh3 Rc1+ 41.
Bxc1 Qe1+ 42. Qg1 Qxe4+ 43. Qg2 Qe1+ 44. Qg1 1/2-1/2

[Event "Riga Tech Open A 2014"]
[Site "Riga LAT"]
[Date "2014.08.18"]
[Round "3.1"]
[White "Rapport, Richard"]
[Black "Boruchovsky, Avital"]
[Result "1-0"]
[WhiteTitle "GM"]
[BlackTitle "GM"]
[WhiteElo "2704"]
[BlackElo "2483"]
[WhiteFideId "738590"]
[BlackFideId "2800055"]
[EventDate "2014.08.16"]

1. f4 d5 2. Nf3 g6 3. e3 Bg7 4. Be2 c5 5. O-O Nc6 6. c3 Nf6 7. d4 Bg4 8. Nbd2
Ne4 9. Nxe4 dxe4 10. Ng5 Bxe2 11. Qxe2 Qd5 12. c4 Qf5 13. d5 Ne5 14. Bd2 h6 15.
Bc3 O-O 16. fxe5 Qxg5 17. Rf4 e6 18. d6 Qd8 19. Raf1 Qd7 20. Rxe4 a6 21. Be1 Qc6
22. Qc2 b5 23. Bh4 bxc4 24. Be7 Rfb8 25. Ref4 Qd5 26. Rxf7 Qd3 27. Qf2 Bxe5 28.
Bf6 Bxh2+ 29. Kxh2 Kxf7 30. Be5+ Qf5 31. Qh4 1-0

[Event "Riga Tech Open A 2014"]
[Site "Riga LAT"]
[Date "2014.08.18"]
[Round "3.2"]
[White "Swayams, Mishra"]
[Black "Melkumyan, Hrant"]
[Result "0-1"]
[WhiteTitle "IM"]
[BlackTitle "GM"]
[WhiteElo "2479"]
[BlackElo "2655"]
[WhiteFideId "5028183"]
[BlackFideId "13302485"]
[EventDate "2014.08.16"]

1. d4 Nf6 2. c4 g6 3. Nc3 d5 4. Nf3 Bg7 5. Bf4 O-O 6. e3 c5 7. dxc5 Ne4 8. Rc1
Nd7 9. cxd5 Nxc3 10. bxc3 Qa5 11. Nd4 Qxa2 12. Qb3 Qxb3 13. Nxb3 a5 14. c6 Nb6
15. e4 bxc6 16. Bc7 Na4 17. Bxa5 cxd5 18. exd5 Nc5 19. Nxc5 Rxa5 20. Ne4 Rxd5
21. f3 Re5 22. Bc4 Bb7 23. O-O Bxe4 24. fxe4 Rxe4 25. Bd5 Re2 26. c4 Bd4+ 27.
Kh1 Bc5 28. g3 e6 29. Bf3 Rb2 30. Rb1 Rfb8 31. Rxb2 Rxb2 32. Bc6 Kg7 33. Rd1 h5
34. Rd7 g5 35. Rb7 Re2 36. Rb5 Be3 37. h3 f5 38. c5 g4 39. hxg4 hxg4 40. Bd7 f4
41. Rb3 Re1+ 42. Kh2 Bg1+ 43. Kh1 Bxc5+ 44. Kh2 Bg1+ 45. Kh1 Bf2+ 46. Kg2 fxg3
47. Rxg3 Bxg3 48. Kxg3 Re4 49. Bc6 Rb4 0-1

[Event "Riga Tech Open A 2014"]
[Site "Riga LAT"]
[Date "2014.08.18"]
[Round "3.3"]
[White "Iturrizaga Bonelli, Eduardo"]
[Black "Aravindh, Chithambaram VR."]
[Result "1-0"]
[WhiteTitle "GM"]
[BlackTitle "IM"]
[WhiteElo "2653"]
[BlackElo "2467"]
[WhiteFideId "3901211"]
[BlackFideId "5072786"]
[EventDate "2014.08.16"]

1. c4 e5 2. Nc3 Nf6 3. Nf3 Nc6 4. a3 d5 5. cxd5 Nxd5 6. Qc2 Be7 7. e3 Nxc3 8.
dxc3 O-O 9. Bd3 f5 10. e4 f4 11. Bc4+ Kh8 12. b4 Qd6 13. Bb2 Qg6 14. Rg1 Bd6 15.
O-O-O a5 16. b5 Nd8 17. a4 Bg4 18. h3 Bh5 19. Bd5 Rc8 20. Qd2 Qf6 21. Kb1 Qe7
22. Rge1 Rf6 23. Qe2 Rg6 24. Rg1 Rf6 25. Bb3 Ne6 26. Bxe6 Qxe6 27. c4 c6 28. Rc1
cxb5 29. axb5 h6 30. Rgd1 a4 31. Rd5 Qe7 32. c5 Bb8 33. Qd3 Bf7 34. Rd7 Qe6 35.
Qd5 Bg6 36. Ka1 Bxe4 37. Qxe6 Rxe6 38. Rc4 Bf5 39. Rxb7 a3 40. Bc3 Bd3 41. Ra4
e4 42. Bxg7+ Kg8 43. Nd4 Ree8 44. Nf5 Rc7 45. Rxc7 Bxc7 46. Bc3 e3 47. Nxh6+ Kh7
48. Ng4 e2 49. b6 e1=Q+ 50. Bxe1 Rxe1+ 51. Ka2 Bb8 52. Rd4 Rd1 53. Kxa3 Ra1+ 54.
Kb2 Rb1+ 55. Ka2 f3 56. gxf3 Rd1 57. Rd7+ Kg6 58. c6 Bf4 59. c7 Rd2+ 60. Kb3 Ba6
61. Rd8 Rd6 62. c8=Q Rxb6+ 63. Kc3 Bxc8 64. Rxc8 Rb1 65. Kd3 Rh1 66. Ke4 Bd2 67.
Rc6+ Kg7 68. Rd6 Bb4 69. Rh6 Bd2 70. Rd6 Bb4 71. Rd7+ Kg6 72. f4 Rxh3 73. f5+
Kh5 74. Kf4 Bd2+ 75. Rxd2 Rh4 76. f3 1-0

[Event "Riga Tech Open A 2014"]
[Site "Riga LAT"]
[Date "2014.08.18"]
[Round "3.4"]
[White "Meskovs, Nikita"]
[Black "Kovalenko, Igor"]
[Result "0-1"]
[WhiteTitle "FM"]
[BlackTitle "GM"]
[WhiteElo "2441"]
[BlackElo "2650"]
[WhiteFideId "11602740"]
[BlackFideId "14117908"]
[EventDate "2014.08.16"]

1. d4 Nf6 2. c4 e6 3. Nc3 Bb4 4. e3 c5 5. Bd3 Nc6 6. Nf3 Bxc3+ 7. bxc3 d6 8. e4
e5 9. d5 Ne7 10. Nh4 h6 11. O-O g5 12. Qf3 Nfg8 13. Nf5 Nxf5 14. exf5 Nf6 15. h4
g4 16. Qg3 Kd7 17. f3 gxf3 18. Qxf3 Kc7 19. Be2 Qg8 20. Kf2 h5 21. Ke1 Bd7 22.
Bg5 Ng4 23. Qe4 f6 24. Bd2 Nh2 25. Kf2 Qh7 26. Kg1 Nxf1 27. Rxf1 Rag8 28. Kh2
Rg7 0-1

[Event "Riga Tech Open A 2014"]
[Site "Riga LAT"]
[Date "2014.08.18"]
[Round "3.5"]
[White "Fridman, Daniel"]
[Black "Valsecchi, Alessio"]
[Result "1/2-1/2"]
[WhiteTitle "GM"]
[BlackTitle "IM"]
[WhiteElo "2639"]
[BlackElo "2421"]
[WhiteFideId "11600454"]
[BlackFideId "818860"]
[EventDate "2014.08.16"]

1. d4 Nf6 2. c4 g6 3. Nc3 d5 4. Nf3 Bg7 5. Bf4 O-O 6. Rc1 Be6 7. e3 dxc4 8. Ng5
Bd5 9. e4 h6 10. exd5 hxg5 11. Bxg5 b5 12. Qf3 c6 13. dxc6 Qxd4 14. Be2 Qc5 15.
Be3 Qxc6 16. Qxc6 Nxc6 17. Nxb5 Ne5 1/2-1/2

[Event "Riga Tech Open A 2014"]
[Site "Riga LAT"]
[Date "2014.08.18"]
[Round "3.6"]
[White "Biolek, Richard Jr."]
[Black "Goganov, Aleksey"]
[Result "1/2-1/2"]
[WhiteTitle "IM"]
[BlackTitle "GM"]
[WhiteElo "2438"]
[BlackElo "2604"]
[WhiteFideId "319996"]
[BlackFideId "24109959"]
[EventDate "2014.08.16"]

1. d4 Nf6 2. c4 e6 3. Nc3 Bb4 4. Qc2 O-O 5. a3 Bxc3+ 6. Qxc3 d6 7. Bg5 Nbd7 8.
e3 b6 9. Ne2 Ba6 10. Qc2 c5 11. Rd1 Qc7 12. Nc3 cxd4 13. Rxd4 Rac8 14. Bxf6 Nxf6
15. Qa4 Bb7 16. Nb5 Bc6 17. Be2 Qd7 18. Qd1 Bxb5 19. Rxd6 Qb7 20. cxb5 Qxg2 21.
Bf3 Qh3 22. Bc6 Ng4 23. Qf3 Qxf3 24. Bxf3 Ne5 25. Bc6 Rfd8 26. Rxd8+ Rxd8 27.
Ke2 Kf8 28. b4 Ke7 29. a4 g5 30. h3 f5 31. Rc1 h5 32. f4 gxf4 33. exf4 Nd3 34.
Rc4 Nb2 35. Rc2 Nxa4 36. Ke3 Kf6 37. Bf3 h4 38. Rc7 Rd6 39. Bh5 e5 40. Rc6 Rxc6
41. bxc6 Nc3 42. fxe5+ Kxe5 43. Bf7 Kd6 44. Kf4 Kxc6 45. Kxf5 Kb5 46. Kg4 Ne4
47. Kxh4 Kxb4 48. Kh5 Kc3 49. h4 Kd4 50. Kg6 Ng3 51. Be8 a5 52. Kg5 Ke5 53. h5
Nxh5 54. Kxh5 Kd4 55. Kg4 Kc3 56. Kf3 Kb3 57. Ke4 a4 58. Kd5 Kb4 59. Kd4 Kb3 60.
Kd5 a3 61. Kc6 Kb4 62. Bf7 b5 63. Ba2 Ka5 64. Bb3 Kb4 65. Ba2 Ka4 66. Kc5 b4 1/2-1/2